Most Dangerous Cities in the United States - Statistics

General Stats
  • This quiz has been taken 211 times
  • The average score is 36 of 60
Answer Stats
Crime Rate City % Correct
1,988.6 Detroit, MI
93%
1,060.0 Miami, FL
93%
884.3 Chicago, IL
91%
490.7 Los Angeles, CA
89%
664.7 Dallas, TX
88%
991.4 Houston, TX
88%
973.9 New Orleans, LA
87%
596.7 New York, NY
85%
1,227.4 Atlanta, GA
83%
725.7 Boston, MA
83%
603.1 Seattle, WA
81%
1,678.7 St. Louis, MO
79%
1,338.5 Baltimore, MD
78%
795.1 San Francisco, CA
78%
598.6 Denver, CO
76%
1,021.4 Philadelphia, PA
74%
841.1 Las Vegas, NV
73%
1,334.3 Cleveland, OH
72%
683.7 Jacksonville, FL
72%
1,185.3 Washington, DC
72%
901.1 Orlando, FL
71%
571.9 Phoenix, AZ
71%
472.8 Portland, OR
71%
1,251.4 Kansas City, MO
70%
1,740.5 Memphis, TN
68%
1,122.5 Nashville, TN
68%
1,254.7 Indianapolis, IN
67%
798.1 Pittsburgh, PA
66%
582.4 Tampa, FL
66%
589.8 Charlotte, NC
63%
1,012.0 Minneapolis, MN
63%
549.2 Columbus, OH
61%
539.3 San Antonio, TX
61%
1,476.4 Milwaukee, WI
60%
773.8 Oklahoma City, OK
60%
1,228.2 Buffalo, NY
57%
1,685.4 Oakland, CA
57%
1,077.7 Newark, NJ
55%
614.8 Sacramento, CA
55%
905.4 Cincinnati, OH
53%
591.0 Louisville, KY
53%
882.8 Albuquerque, NM
49%
805.1 Tulsa, OK
47%
662.5 St. Paul, MN
44%
560.2 Fort Worth, TX
43%
560.6 Omaha, NE
43%
640.9 Tucson, AZ
42%
793.0 Wichita, KS
40%
464.2 Fresno, CA
39%
1,091.2 Toledo, OH
35%
864.6 Anchorage, AK
34%
531.1 Jersey City, NJ
31%
489.0 Long Beach, CA
31%
1,331.5 Stockton, CA
27%
593.6 Mobile, AL
26%
458.6 Mesa, AZ
23%
656.0 Corpus Christi, TX
20%
484.1 Arlington, TX
19%
864.9 St. Petersburg, FL
19%
477.0 Greensboro, NC
17%
No matching quizzes found
Score Distribution
Percent of People with Each Score
Percentile by Number Answered
Your Score History
You have not taken this quiz